000 00745cam a2200265 4500
008 020318n2002 000 0 eng u
020 _a0904237184
035 _a(Sirsi) u117146
041 _aeng.
110 _aBuilding Economics Bureau Limited
_91992
245 _aEuropean directory of property developers, investors and financiers
250 _a4th ed.
260 _aBromley, Kent
_bBuilding Economics Bureau Ltd
_c2002
350 _a195.00
650 _aBANKS
650 _aDIRECTORIES
650 _aEUROPEAN UNION
650 _aFINANCE HOUSES
650 _aINSTITUTIONAL INVESTORS
650 _aINVESTMENT COMPANIES
650 _aPROPERTY COMPANIES
650 _aPROPERTY DEVELOPERS
690 _aEUROPE
942 _n0
999 _c101949
_d101949